Análisis del corredor de Pavas para la mejora del servicio de transporte público

محفوظ في:
التفاصيل البيبلوغرافية
المؤلف الرئيسي: Alfaro Solano, Rafael
التنسيق: كتاب
اللغة:Spanish
منشور في: [San José], Costa Rica 2013
الموضوعات:
الوسوم: إضافة وسم
لا توجد وسوم, كن أول من يضع وسما على هذه التسجيلة!

MARC

LEADER 00000nam a22000007a 4500
003 011675
005 20221231143917.0
008 151007b2013 cr a|||| |||| 00| 0 spa d
040 |c cru CEDI 
090 |a TFG 6845 
100 |9 1372  |a Alfaro Solano, Rafael  
245 |a  Análisis del corredor de Pavas para la mejora del servicio de transporte público  
260 |a [San José], Costa Rica  |c  2013 
500 |a Proyecto de graduación (licenciatura en ingeniería civil)--Universidad de Costa Rica. Facultad de Ingeniería. Escuela de Ingeniería Civil 
650 |x TRANSPORTE PUBLICO - PAVAS (SAN JOSE, COSTA RICA)  |x LINEAS DE AUTOBUSES - ORGANIZACION - PAVAS (SAN JOSE, COSTA RICA)   |x TRANSPORTE PUBLICO - ADMINISTRACION   |x TRANSPORTE URBANO - COSTA RICA  |9 1373 
942 |c TFG 
999 |c 14099  |d 14099